Hornblower and the hotspur

Guardat en:
Dades bibliogràfiques
Autor principal: Forester, C. S (Autor)
Format: Llibre
Idioma:anglès
Publicat: Nueva York Bantam Books 1963
Matèries:
Etiquetes: Afegir etiqueta
Sense etiquetes, Sigues el primer a etiquetar aquest registre!

MARC

LEADER 00000nam a2200000 a 4500
001 UCQ3836
003 CL-VaPUC
008 980828e19630000US |||||||||||||||||eng|d
082 0 4 |a 823  |b FOR  |2 21 
100 0 |a Forester, C. S  |e author  |9 418058 
245 1 0 |a Hornblower and the hotspur 
300 |a 282 p 
942 |c BK 
945 |d 19980828 00:00:00  |a crobeson 
260 |a Nueva York  |b Bantam Books  |c 1963 
650 0 |a Novelas inglesas  |9 265220 
650 0 |a Literatura inglesa  |9 312907 
583 |a last modification  |c 19980828 00:00:00  |k Rodrigo Vera 
999 |c 274349  |d 274347 
952 |0 0  |1 0  |4 0  |6 823_000000000000000_FOR_1963  |7 0  |8 A  |9 310501  |a BIBEDU  |b BIBEDU  |d 2019-11-20  |i 1458809  |o 823 FOR 1963  |p 1458809  |r 2019-11-20  |w 2019-11-20  |y BK  |k LIT